000 00594nam a2200181Ia 4500
008 100921s9999 xx 000 0 und d
082 _b17663
_a891.462041 थ 81
100 _aओक अनंत.
245 _aउमलत्या फुला.
260 _bअपर्णा प्रकाशन,पुणे.
_c1981
300 _a59
_b---
365 _b8
520 _aललित-एकांकिका.
630 _aउमलत्या फुला.
650 _aललित-एकांकिका.
730 _aउमलत्या फुला.
942 _cBOOK
999 _c766776
_d766773